Pretensiones militares de reactivar el CONDECA

محفوظ في:
التفاصيل البيبلوغرافية
التنسيق: نص
الموضوعات:
الوسوم: إضافة وسم
لا توجد وسوم, كن أول من يضع وسما على هذه التسجيلة!

MARC

LEADER 00000 a a2200000 04500
001 5872
003
040
245 |a Pretensiones militares de reactivar el CONDECA  
650 |a MILITARISMO  
650 |a PAZ  
650 |a EJERCITO  
650 |a ACUERDOS INTERNACIONALES  
650 |a ORGANIZACIONES INTERGUBERNAMENTALES  
773 |g volumen 15, número 631; páginas 12-13  
999 |c 36350  |d 36350